1891 1506 1564 1257 1635 1102 1860 1796 1548 1701 1543 1307 1286 1196 1178 1203 1144 1846 1595 1604 1009 1909 1659 1262 1717 1345 1291 1601 1786 1005 1598 1032 1918 1451 1981 1742 1761 1859 1355 1627 1083 1331 1625 1953 1729 1374 1166 1068 1284 1596 1575 1254 1989 1756 1234 1414 1354 1693 1678 1389 1603 1732 1170 1853 1319 1720 1787 1228 1087 1117 1366 1639 1277 1699 1978 1361 1852 1350 1892 1478 1651 1103 1171 1212 1316 1581 1862 1403 1552 1094 1190 1109 1547 1064 1662 1649 1739 1751 1084 BCNSPRNW ULIB Ver.6.0+V

เปลี่ยนเป็นภาษาไทย

Change to English
 แสดงรายละเอียดบรรณานุกรม
  กลับหน้าหลัก

Brief Record : Get Marc (ISO 2709) : E-mail record : QR code < ปิดหน้าต่าง
LEADER : 00000nam 2200000uu 4500
001    13399109570
003     ULIB
008    110405s2542||||th 000 0 tha d
060 04 WB400^bค231ว 2542
100 1  แพ็ตทริค ควลลิน
245 00 วิธีเสริมการรักษามะเร็งด้วยอาหารและอาหารเสริม /^cแพ็ตทริค ควลลิน, เขียน ; มัทนี เกษกมล, แปล
260    [กรุงเทพฯ] :^bสาระ,^c[2542]
300    284 หน้า :^bภาพประกอบ
650  7 โภชนาการกับมะเร็ง
650  7 มะเร็ง^xโภชนบำบัด
650  7 การขาดสารอาหารคนไข้มะเร็ง
700 0  มัทนี เกษกมล,^eผู้แปล
945    ^p195^l0^i012533
945    ^p195^l0^i012532
995    ทศพร
999 ^a ใช้งานได้ทุกระบบ
รายการนี้ยังไม่มีแท็ก
คุณยังไม่ได้ล็อกอิน คุณสามารถมีกิจกรรมร่วมกับเว็บไซต์ได้ แต่ต้องล็อกอินก่อน ::
  ล็อกอิน

รายการสื่อสารสนเทศ

ลำดับที่ ประเภท เลขเรียก/บาร์โค้ด สถานที่ สถานะ
- ไม่พบข้อมูล -

BibComment


ยังไม่เคยถูกคอมเมนท์

คอมเมนท์ทรัพยากรรายการนี้
  คอมเมนท์: วิธีเสริมการรักษา..


 Copyright 2026. Bcnsprnw @Library